Movies Quiz

Random Movies or Role Quiz

Hide Your 'B' Movies Quiz Stats

 Plays Quiz Updated Jun 24, 2018

Challenge
Share
Tweet
Score 0/21 Timer 06:00
6 Plays Today
% Correct
Batman Begins
(2005)<
95.9%
Back to the Future
(1985)<
95.8%
A Beautiful Mind
(2001)<
93%
Ben-Hur
(1959)<
92.9%
BASEketball
(1998)<
92.2%
Beerfest
(2006)<
89.6%
The Blues Brothers
(1980)<
86.1%
The Big Short
(2015)<
85.5%
The Bridges
of Madison County
(1995)<
85%
The Blair Witch
Project
(1999)<
84.8%
Bad Teacher
(2011)<
84.3%
% Correct
Blade Runner
(1982)<
83.7%
Bride of Chucky
(1998)<
83.3%
The Breakfast Club
(1985)<
82.4%
Blow
(2001)<
80%
The Beach
(2000)<
79.9%
Big Trouble
in Little China
(1986)<
79%
Burn After Reading
(2008)<
70%
Birdman or
(The Unexpected
Virtue of Ignorance)
(2014)<
70%
The Butterfly Effect
(2004)<
65.7%
Black Snake Moan
(2006)<
61.4%

You're not logged in!

Compare scores with friends on all Sporcle quizzes.
OR
Log In

You Might Also Like...

Show Comments

Extras

Top Quizzes Today


Score Distribution

Your Account Isn't Verified!

In order to create a playlist on Sporcle, you need to verify the email address you used during registration. Go to your Sporcle Settings to finish the process.

Report this User

Report this user for behavior that violates our Community Guidelines.

Details: